000 00342nam a22001457a 4500
003 OSt
008 201119b ||||| |||| 00| 0 eng d
100 _aMALL, Rajib
245 _aFundamentals of Software Engineering
250 _a5th
260 _aNew Delhi
_bPHI
_c2019
300 _a590
650 _aB.Sc Computer Science
942 _2ddc
_cBK
999 _c9224
_d9224